Countries with the Most Population Growth by Decade - Statistics

General Stats
  • This quiz has been taken 114,258 times
    46,100 since last reset
  • The average score is 20 of 25
Answer Stats
Country % Correct
China
99%
India
99%
United States
98%
Brazil
94%
Mexico
92%
Russia
92%
Nigeria
91%
Indonesia
90%
Pakistan
90%
Japan
88%
Egypt
86%
Bangladesh
84%
D. R. Congo
82%
Iran
81%
South Africa
80%
Ethiopia
78%
Vietnam
78%
Thailand
75%
Turkey
75%
Philippines
71%
Kenya
66%
Sudan
65%
Tanzania
63%
Afghanistan
53%
Uganda
48%
No matching quizzes found
Score Distribution
Percent of People with Each Score
Percentile by Number Answered
Your Score History
You have not taken this quiz since the last reset